| 000 | 00700nam a22002297a 4500 | ||
|---|---|---|---|
| 999 |
_c1268 _d1268 |
||
| 001 | 19219 | ||
| 003 | BD-DhUAP | ||
| 005 | 20210127124412.0 | ||
| 008 | 200204r20141959ii ||||| |||| 001 0 eng d | ||
| 020 | _a9788175341029 | ||
| 020 | _a8175341021 | ||
| 040 |
_aBD-DhUAP _bEng _cBD-DhUAP _dBD-DhUAP |
||
| 082 |
_223 _a342.41 DIC |
||
| 100 | _aDicey, Albert Venn. | ||
| 245 |
_aIntroduction to the study of the law of the constitution / _cAlbert Venn Dicey. |
||
| 250 | _a10th ed. | ||
| 260 |
_aNew Delhi : _bUniversal Law Pub., _cc1959 [Reprinted 2014]. |
||
| 300 |
_acxcviii, 535 pages ; _c22 cm. |
||
| 500 | _aIncludes index. | ||
| 650 |
_vConstitutional law _zGreat Britain. |
||
| 942 |
_2ddc _cBK |
||